000 00697nam a2200289Ia 4500
005 20260324145009.0
008 008 260324s9999 xx 000 0 eng d
020 _a9781003470977
037 _aEBOOK
040 _aCRL
040 _beng
040 _cCRL
041 _2eng
041 _aeng
084 _qCRL
100 _aJ T Andrews
_91221380
245 0 _aQuaternary Environments
245 0 _bEastern Canadian Arctic, Baffin Bay and Western Greenland
260 _bTaylor and Francis
260 _c1985
365 _a
365 _b290
856 _uhttp://www.taylorfrancis.com/books/9781003470977
942 _cEBOOK
999 _c1828686
_d1828686